| 000 | 01077naa a22002777a 4500 | ||
|---|---|---|---|
| 001 | BR9300474 | ||
| 003 | BR-BrBNA | ||
| 005 | 20240918180835.0 | ||
| 007 | ta | ||
| 008 | 230509b bl.||||| |||| 00| 0 por d | ||
| 040 |
_aBR-BrBNA _bpor _cBiblioteca Nacional de Agricultura |
||
| 041 | _a(Pt) | ||
| 072 |
_aL02 _b5212 _b1910 |
||
| 090 | _aL02 BR9300474 | ||
| 100 | 1 | _aVelloso, L. | |
| 111 | 1 |
_a14. Semana de Zootecnia _cPirassununga, SP (Brazil) _d11-13 Dec 1991 |
|
| 245 | 1 | _aEstacionalidade da producao forrageira: alimentacao de bovinos no periodo da seca | |
| 260 | 3 |
_aCampinas, SP (Brasil): _c1992. |
|
| 500 | _aFukushima, R.S (coord.) A interacao solo x pastagens x nutricao animal Campinas, SP (Brasil): 1992. p. 66-76 (BR9300474-AM)L02 | ||
| 650 | _aBovino | ||
| 650 | _aPastagem | ||
| 650 | _aNutricao Animal | ||
| 773 | 0 |
_tA interacao solo x pastagens x nutricao animal _aFukushima, R.S (coord.). Fundacao Cargill, Campinas, SP (Brasil) _wL02 BR9300474 _gCampinas, SP (Brasil), 1992. p. 66-76 |
|
| 909 |
_a202404 _bLucia _c55 _dLucia Elande |
||
| 942 |
_cAM _2AGRIS |
||
| 999 |
_c322241 _d322241 |
||